000 00512cam a22002051 4500
001 sa 67007433
003 DLC
005 20260227112416.0
008 891229s1966 ii 000 0 hino
010 _asa 67007433
035 _a(OCoLC)20834821
040 _aDLC
_cWaU
_dDLC
042 _apremarc
050 0 0 _aPK2708.9.S5
_bR33
100 1 _aSingh, Mukan.
245 1 0 _aRaṅga rā dūhā.
260 _c[1966]
300 _a[16], 20 p.
_c18 cm.
500 _aIn Rajasthani; introductory matter in Hindi.
999 _c76589
_d76589